| 000 | 00949nam a22002177a 4500 | ||
|---|---|---|---|
| 999 |
_c12024 _d12024 |
||
| 003 | AR-CdUCM | ||
| 008 | 190405b ||||| |||| 00| 0 spa d | ||
| 040 |
_aMUNICIPALIDAD PROVINCIAL DEL CUSCO _cBIBLIOTECA MUNICIPAL DEL CUSCO |
||
| 082 |
_a708.85 / _bN32 / 1949 |
||
| 110 |
_aInstituto de investigaciones de arte Peruano y Americano _929620 |
||
| 245 | _aNazarenas y el señor de los Milagros : | ||
| 260 |
_aLima : _bPublicaciones del instituto de investigaciones e arte Peruano y americano, _c1949. |
||
| 300 |
_a42 paginas ; _bIlustraciones, _c21 cm. |
||
| 440 |
_aDocumentos del arte Peruano _nVI _929676 |
||
| 505 | _aContenido :Origen de una devoción -- Patrón y defensor de la ciudad -- Fundación del instituto nazareno -- La primera procesión -- Construcción actual del templo... | ||
| 650 |
_aReligión _91195 |
||
| 650 |
_aCristo morado _929677 |
||
| 650 |
_aNazarenas _929678 |
||
| 942 |
_2ddc _cLIBROS |
||
| 945 |
_awnts _d2019-04-05 |
||